| 000 | 01342nam a2200397Ia 4500 | ||
|---|---|---|---|
| 001 | dia_3287 | ||
| 003 | CHAP | ||
| 005 | 20221215121211.0 | ||
| 008 | 220117s1999 xx 000 0 und d | ||
| 010 | _a170720 | ||
| 020 | _a970-17-0264-6 | ||
| 040 | _cCHAP | ||
| 082 | _a519.5 W35 1999 | ||
| 100 |
_aWalpole, Ronald E. _9120956 |
||
| 245 |
_aProbabilidad y estadística para ingenieros / _c Ronald E. Walpole, Raymond H. Myers y Sharon L. Myers ; traducción Ricardo Cruz |
||
| 250 | _a6a ed. | ||
| 260 |
_aMéxico : _b Prentice-Hall, _c1999 |
||
| 300 | _axii, 739 p. | ||
| 500 | _aTítulo original: Probability and statistics for engineers and scientists | ||
| 503 | _aEj.1 i.200388 \ Ej.2 C/e | ||
| 504 | _aBibliografía: p. 667-669 | ||
| 590 | _aTA340 W35 1999 | ||
| 650 |
_aEngineering _xStatistical methods _9147798 |
||
| 650 |
_aEstadística _938241 |
||
| 650 |
_aIngeniería _xMétodos estadísticos _958191 |
||
| 650 |
_aProbabilidad _991685 |
||
| 650 |
_aProbabilities _9147799 |
||
| 650 |
_aStatistics _9144311 |
||
| 700 |
_aCruz, Ricardo, tr. _9146999 |
||
| 700 |
_aMyers, Raymond H., coaut. _9147800 |
||
| 700 |
_aMyers, Sharon L., coaut. _9147801 |
||
| 901 | _a519.5 W35 1999 | ||
| 902 | _aM | ||
| 905 | _a5232271999 MX mn 8222223322SPA16 | ||
| 942 |
_cLIBRO _2ddc |
||
| 999 |
_c170720 _d170720 |
||